000 00347 a2200169 4500
001 70773
020 _a8506009472
040 _cAnchieta - Itaigara
100 _aCrosher, Judith
240 1 0 _aOs Gregos
_lpor
245 1 0 _aOs Gregos
300 _a60
362 0 _a2002
440 1 _aMelhoramentos
650 4 _aGrécia até 323
942 _cBK
999 _c70773
_d70773